000 00448nam a2200169Ia 4500
005 20240921143546.0
008 240921s9999||||xx |||||||||||||| ||und||
041 _aENGLISH
082 _A621.8 N5
100 _aShigley,Joseph Edward and Uicker John Joseph
245 0 _aTheory of Machines and Mechanisms
250 _a2nd
260 _c1995
_bMcGraw Hill , Ne
650 _aMechanical Engineering
_bMechanical
942 _cBB
999 _c247870
_d247870